000
00447nam a2200181Ia 4500
008
090124s9999 xx 000 0 und d
082
_b
117150
100
_a
गांगल वसंत
245
_a
शुभदा
250
_a
1
260
_c
1977
300
_a
146
600
_a
गांगल वसंत
630
_a
शुभदा
700
_a
गांगल वसंत
730
_a
शुभदा
942
_c
BOOK
999
_c
163236
_d
163236